EU Länder - Reichstes bis ärmstes Land wiederholung - Statistiken

Allgemein
  • Dieses Quiz wurde 53 mal gespielt
  • Das Durchschnittsergebnis liegt bei 18 aus 27
Antwortstatistiken
Ranking. EU-Land % Korrekt
Reichstes #1 Luxemburg
100%
#2 Irland
80%
#8 Deutschland
76%
Ärmstes #27 Bulgarien
73%
#3 Dänemark
73%
#9 Belgien
71%
#7 Finnland
71%
#6 Österreich
71%
#4 Schweden
71%
#10 Frankreich
69%
#5 Niederlande
69%
#12 Spanien
69%
#11 Italien
67%
#24 Polen
67%
#26 Rumänien
67%
#25 Kroatien
65%
#19 Estland
63%
#16 Portugal
63%
#23 Ungarn
63%
#18 Griechenland
61%
#22 Lettland
61%
#13 Malta
61%
#20 Slowakei
61%
#15 Slowenien
61%
#17 Tschechien
61%
#21 Litauen
59%
#14 Zypern
49%
Keine übereinstimmenden Quizze gefunden
Verteilung der Resultate
Anzahl Personen mit jedem Resultat
Perzentil nach korrekt beantworteten Fragen
Ihre Resultats-Entwicklung
Sie haben dieses Quiz noch nicht gespielt